Statistics for 50 Most Powerful Military Nations

Click here to take the quiz!

General Stats

  • This quiz has been taken 250 times
  • The average score is 43 of 50

Answer Stats

Country % Correct
United States
100%
United Kingdom
100%
Germany
98%
Russia
98%
France
98%
India
98%
China
98%
North Korea
97%
South Korea
96%
Poland
95%
Australia
95%
Brazil
95%
Iran
95%
Canada
95%
Turkey
95%
Japan
95%
Mexico
94%
Italy
94%
Spain
94%
Sweden
94%
Pakistan
93%
Egypt
93%
Argentina
92%
Saudi Arabia
92%
Iraq
91%
Ukraine
91%
South Africa
90%
Indonesia
90%
Colombia
89%
Norway
89%
Vietnam
88%
Thailand
87%
Israel
87%
Greece
86%
Syria
82%
Netherlands
81%
Venezuela
81%
Nigeria
80%
Algeria
80%
Romania
78%
Peru
78%
Malaysia
77%
Switzerland
77%
Taiwan
76%
Kazakhstan
75%
Myanmar
69%
Czech Republic
67%
Belarus
65%
Uzbekistan
52%
Angola
43%

Score Distribution

Percentile by Number Answered

Percent of People with Each Score

Your Score History

You have not taken this quiz